| 000 | 00543nam a2200205Ia 4500 | ||
|---|---|---|---|
| 005 | 20231207095834.0 | ||
| 008 | 131103s9999 xx 000 0 und d | ||
| 020 | _a8170230373 | ||
| 040 | _aLoreto College | ||
| 041 | _aEnglish | ||
| 082 |
_a420.9 _bBAU |
||
| 100 | _aBaugh, Albert C. | ||
| 245 | 2 |
_aA History of English Language, _cAlbert C Baugh |
|
| 260 |
_aNew Delhi _bAllied Publishers Limited _c1977 (rep) |
||
| 300 | _axiii,506p | ||
| 504 | _aIncludes index | ||
| 650 | _aEnglish Language | ||
| 850 | _aLCLIB | ||
| 942 | _cBK | ||
| 999 |
_c19449 _d69928 |
||